| 000 | 00490nam a2200193 a 4500 | ||
|---|---|---|---|
| 001 | 1775634810581 | ||
| 003 | YourLibrary | ||
| 005 | 20260408132851.0 | ||
| 008 | 260408s2006##################000#0#eng## | ||
| 020 | _a9788170128939 | ||
| 082 | 0 | 4 |
_a348.5404605 _bSUR |
| 100 | 1 |
_aGandhi, Bhanuprasad Manilal, _eauthor. |
|
| 245 | 1 | 0 | _aInterpretation of Statutes : |
| 260 | _c2006. | ||
| 300 | _a217 pages | ||
| 650 | 0 | _aLaw. | |
| 942 | _cENGLISH | ||
| 040 |
_aYourLibrary _beng _cYourLibrary |
||
| 999 |
_c619145 _d619145 |
||